| 000 | 00920nam a2200325 a 4500 | ||
|---|---|---|---|
| 003 | AR-BaBNM | ||
| 005 | 20251128202831.0 | ||
| 008 | 082120s2002 ||||||||||||||000 | spa|| | ||
| 040 | _cAR-BaBNM | ||
| 100 | 1 | _aAyala Gauna, Velmiro | |
| 245 | 0 | 0 |
_aPor el alto Paraná _bcuentos correntinos |
| 250 | _a7ª ed. | ||
| 260 |
_aBuenos Aires _bHuemul _c1975 |
||
| 300 |
_a157 p. _bil. |
||
| 490 | 0 |
_aClásicos Huemul _vv. 36 |
|
| 500 | _aContiene glosario en p. 149-157 | ||
| 500 | _aIndice de notas en p. 135-148 | ||
| 650 | 4 | _aLITERATURA ARGENTINA | |
| 650 | 4 | _aLEYENDAS | |
| 650 | 4 | _aCOSTUMBRES Y TRADICIONES | |
| 650 | 4 | _aFOLKLORE | |
| 650 | 4 | _aLITERATURA POPULAR | |
| 651 | 4 | _aCorrientes [Provincia] | |
| 655 | _aLITERATURA | ||
| 700 | 1 |
_aCastelli, Eugenio _eprologuista |
|
| 700 | 1 |
_aCampuzano, José Luis _eilustrador |
|
| 800 | 1 |
_aPellegrini, Juan Carlos _edirector |
|
| 942 | _cBK | ||
| 998 | _cMARTIN | ||
| 999 |
_c800 _d800 |
||